TÜRKÇE KÖYÜ DEYİMLER ATASÖZLERİ (Record no. 1180721)

MARC details
000 -LEADER
sabit uzunluktaki kontrol alanı 00265nam a2200097Ia 4500
001 - KONTROL NUMARASI
kontrol alanı 1180721
005 - EN SON İŞLEMİN TARİH VE ZAMANI
kontrol alanı 20250827020801.0
008 - SABİT-UZUNLUKTA VERİ ÖĞELERİ--GENEL BİLGİ
sabit uzunluktaki kontrol alanı 250824s9999 xx 000 0 und d
245 #0 - ESER / YAZAR
ESER ADI TÜRKÇE KÖYÜ DEYİMLER ATASÖZLERİ
Yazar Adı DURSUN GÜZEL
260 ## - YAYIN, DAĞITIM, VB.
YAYIN EVİ MODEL ÇOCUK (O5)
Holdings
Düşüm durumu Kayıp durumu Hasar Durumu Ödünç verilmez Ana kütüphane Geçerli Kütüphane Edinilen tarih Toplam ödünç verme sayısı Barkod Son görüntüleme tarihi Fiyatın geçerli olmaya başladığı tarih Koha materyal türü
        AYŞE TÜMER İLKOKULU AYŞE TÜMER İLKOKULU 24.08.2025   10943951 27.08.2025 27.08.2025 Books